000 00269nam a2200109Ia 4500
008 200302s9999 xx 000 0 und d
100 _aLorraine Farrelly
245 _aRepresentational Techniques
260 _bAva Academia Publishing
260 _c2008
300 _a176 P.,
999 _c2804
_d2804